ACM Computing Reviews
Guardado en:
| Formato: | Seriadas |
|---|---|
| Publicado: |
1978
|
| Etiquetas: |
Sin Etiquetas, Sea el primero en etiquetar este registro!
|
MARC
| LEADER | 00000nas a22000003a 4500 | ||
|---|---|---|---|
| 001 | stu63973 | ||
| 005 | 20141122003654.4 | ||
| 008 | 011106s1978----------------------------d | ||
| 040 | |a STU |b slo | ||
| 041 | 0 | ||
| 245 | |a ACM Computing Reviews | ||
| 260 | |c 1978 | ||
| 500 | |a 12 | ||
| 500 | |a 1-12 | ||
| 773 | 0 | |t ACM Computing Reviews : |w stu_us_cat*stu59590 |x 0010-4884 |7 nnas | |
| 996 | |d Vol. 19, 1978 |v Vol. 19 |y 1978 |l II680 |s A |a 24 |w stu63973_0001 | ||